1647 1594 1738 1219 1642 1295 1891 1571 1285 1000 1085 1672 1216 2000 1435 1616 1447 1812 1282 1244 1892 1238 1746 1595 1255 1658 1789 1891 1711 1579 1530 1228 1404 1160 1070 1611 1945 1745 1659 1721 1935 1254 1709 1728 1036 1566 1502 1542 1835 1592 1107 1869 1051 1743 1953 1624 1843 1611 1024 1971 1645 1626 1331 1052 1872 1072 1847 1031 1554 1608 1237 1394 1110 1630 1343 1194 1137 1135 1990 1635 1833 1840 1648 1576 1645 1709 1415 1961 1108 1659 1191 1441 1674 1797 1765 1524 1139 1275 1234 BCNSPRNW ULIB Ver.6.0+V

เปลี่ยนเป็นภาษาไทย

Change to English
 แสดงรายละเอียดบรรณานุกรม
  กลับหน้าหลัก

Brief Record : Get Marc (ISO 2709) : E-mail record : QR code < ปิดหน้าต่าง
LEADER : 00000nam 2200000uu 4500
001    13399122551
003     ULIB
008    020711s2548 th a 000 0 tha d
020    9743413928
020    9789743413926
090    นว.^bอ111ล
100    อาธา คริสตี้,^eเขียน
245    ลางสังหาร./^cอาธา คริสตี้ ; เขียน , กัณหา แก้วไทย ; แปล
250    พิมพ์ครั้งที่ 1
260    กรุงเทพฯ :^bสร้างสรรค์บุ๊คส์,^c2548
300    341 หน้า
700 1  กัณหา แก้วไทย,^eแปล
945    ^p170^l0^i19999
999    ^aทศพร เกษรทอง
รายการนี้ยังไม่มีแท็ก
คุณยังไม่ได้ล็อกอิน คุณสามารถมีกิจกรรมร่วมกับเว็บไซต์ได้ แต่ต้องล็อกอินก่อน ::
  ล็อกอิน

รายการสื่อสารสนเทศ

ลำดับที่ ประเภท เลขเรียก/บาร์โค้ด สถานที่ สถานะ
1. นวนิยาย
นวนิยาย
นว. อ111ล ฉ.1 
  Barcode: 19999
ห้องสมุดวิทยาเขตสวรรค์ประชารักษ์
►นวนิยาย
บนชั้น
  ขอยืม

BibComment


ยังไม่เคยถูกคอมเมนท์

คอมเมนท์ทรัพยากรรายการนี้
  คอมเมนท์: ลางสังหาร อาธา คร..


 Copyright 2026. Bcnsprnw @Library